书目信息 |
| 题名: |
恩格斯
|
|
| 作者: | 田款 , 李胜凯 , 刘国柱 编著 | |
| 分册: | ||
| 出版信息: | 北京 红旗出版社 1997 |
|
| 页数: | 458页 | |
| 开本: | 20cm | |
| 丛书名: | ||
| 单 册: | ||
| 中图分类: | A72 | |
| 科图分类: | ||
| 主题词: | 恩格斯--传记 , 恩格斯--生平事迹 | |
| 电子资源: | ||
| ISBN: | 7-5051-0148-X | |
| 000 | 00675nam0 2200229 450 | |
| 001 | 0637711328 | |
| 005 | 20070727085122.45 | |
| 010 | @a7-5051-0148-X@dCNY100.00(全套) | |
| 100 | @a20060808d1997 km y0chiy0120 ea | |
| 101 | 0 | @achi |
| 102 | @aCN@b110000 | |
| 200 | 1 | @a恩格斯@Aen ge si@f刘国柱,田款,李胜凯编著@Fliu guo zhu,tian kuan,li sheng kai bian zhu |
| 210 | @a北京@c红旗出版社@d1997 | |
| 215 | @a458页@c照片@d20cm | |
| 606 | 0 | @a恩格斯@x传记 |
| 606 | 0 | @a恩格斯@x生平事迹 |
| 690 | @aA72@v3 | |
| 701 | 0 | @a田款@Atian kuan@4编著 |
| 701 | 0 | @a李胜凯@Ali sheng kai@4编著 |
| 701 | 0 | @a刘国柱@Aliu guo zhu@4编著 |
| 801 | 0 | @aCN@bPFT@c20070727 |
| 905 | @a10447@dA72@e144 | |
| 恩格斯/刘国柱,田款,李胜凯编著.-北京:红旗出版社,1997 |
| 458页:照片;20cm |
| ISBN 7-5051-0148-X:CNY100.00(全套) |
| ● |
| 相关链接 |
|
|
|
|
正题名:恩格斯
索取号:A72/144
 
预约/预借
| 序号 | 登录号 | 条形码 | 馆藏地/架位号 | 状态 | 备注 |
| 1 | 0447283 | 204472837 | 密集书库/ [索取号:A72/144] | 在馆 | |
| 2 | 0783914 | 207839142 | 密集书库/ [索取号:A72/144] | 在馆 |